000
00310nam a22001217a 4500
999
_c
14834
_d
14834
020
_a
9788171641345
082
_a
630.028
_b
ICA/HA
245
_a
Handbook of Agricultural engineering
260
_a
New Delhi
_b
indian Council of Agricultural Research
_c
2016
300
_a
808p
700
_a
ICAR
_9
2054
942
_c
BK